000 00693nam a2200229Ia 4500
001 1370
003 GE_BSU
008 181216s||||||||xx |||||||||||||| ||und||
020 _a5896450117
040 _cGE_BSU
080 _a341.1:347.7
100 _aШумилов,В.М.
245 _aМеждународное экономичечское право
245 _bУчебно-методическое пособие
260 _aМосква
260 _bИзд.-консалтинговая компания "Дека
260 _c1999
300 _a400стр.
541 _h15л.
653 _aМеждународное экономичечское право
942 _cBK
999 _c35509
_d35509